Vista normal
Vista MARC
Entrada Corporate Name
Número de registros utilizados en: 1
001 - CONTROL NUMBER
- control field: 53119
003 - CONTROL NUMBER IDENTIFIER
- control field: OSt
005 - DATE AND TIME OF LATEST TRANSACTION
- control field: 20241126095037.0
008 - FIXED-LENGTH DATA ELEMENTS
- fixed length control field: 241126|| aca||aabn | a|a d
040 ## - CATALOGING SOURCE
- Original cataloging agency: OSt
- Transcribing agency: OSt
110 ## - HEADING--CORPORATE NAME
- Corporate name or jurisdiction name as entry element: Talleres para la Reparación Colectiva y Construcción de la Memoria de la Violencia Antisindical en Colombia ( 2011 : Bogotá, Colombia)
670 ## - SOURCE DATA FOUND
- Source citation: Work cat.: (OSt)48977: Talleres para la Reparación Colectiva y Construcción de la Memoria de la Violencia Antisindical en Colombia ( 2011 : Bogotá, Colombia), Recorriendo la memoria